<?xml version="1.0" encoding="UTF-8"?>
<record
    xmlns:xsi="http://www.w3.org/2001/XMLSchema-instance"
    xsi:schemaLocation="http://www.loc.gov/MARC21/slim http://www.loc.gov/standards/marcxml/schema/MARC21slim.xsd"
    xmlns="http://www.loc.gov/MARC21/slim">

  <leader>01325nam2a2200253   4500</leader>
  <controlfield tag="001">RU\NLR\BIBL_A\011798314</controlfield>
  <controlfield tag="005">20181004152802.0</controlfield>
  <datafield tag="010" ind1=" " ind2=" ">
    <subfield code="a">978-5-4224-1436-9</subfield>
    <subfield code="b">&#x442;. 2</subfield>
  </datafield>
  <datafield tag="021" ind1=" " ind2=" ">
    <subfield code="a">RU</subfield>
    <subfield code="b">&#x41A;&#x41D;-&#x41F;-18-062689</subfield>
    <subfield code="9">&#x41A;&#x41D;-&#x41F;-18-4510</subfield>
  </datafield>
  <datafield tag="035" ind1=" " ind2=" ">
    <subfield code="a">(NLR Aleph) 011798314</subfield>
  </datafield>
  <datafield tag="035" ind1=" " ind2=" ">
    <subfield code="a">(RuMoRGB)009724085</subfield>
  </datafield>
  <datafield tag="090" ind1=" " ind2=" ">
    <subfield code="a">11858556</subfield>
    <subfield code="c">11858556</subfield>
  </datafield>
  <datafield tag="100" ind1=" " ind2=" ">
    <subfield code="a">20180925d2018    u  y0rusy50      ca</subfield>
  </datafield>
  <datafield tag="101" ind1="1" ind2=" ">
    <subfield code="a">rus</subfield>
    <subfield code="c">eng</subfield>
  </datafield>
  <datafield tag="102" ind1=" " ind2=" ">
    <subfield code="a">RU</subfield>
  </datafield>
  <datafield tag="105" ind1=" " ind2=" ">
    <subfield code="a">a   z   000ay</subfield>
  </datafield>
  <datafield tag="200" ind1="1" ind2=" ">
    <subfield code="a">&#x420;&#x430;&#x432;&#x435;&#x43D;&#x441;&#x442;&#x432;&#x43E;</subfield>
    <subfield code="e">&#x440;&#x43E;&#x43C;&#x430;&#x43D; (&#x43E;&#x43A;&#x43E;&#x43D;&#x447;&#x430;&#x43D;&#x438;&#x435;)</subfield>
    <subfield code="a">&#x427;&#x443;&#x434;&#x43D;&#x44B;&#x439; &#x441;&#x43E;&#x43D;</subfield>
    <subfield code="e">&#x43F;&#x43E;&#x432;&#x435;&#x441;&#x442;&#x44C;</subfield>
    <subfield code="a">&#x421;&#x43A;&#x430;&#x437;&#x43A;&#x430; &#x43E; &#x432;&#x43E;&#x434;&#x435;</subfield>
    <subfield code="g">[&#x43F;&#x435;&#x440;&#x435;&#x432;&#x43E;&#x434; &#x441; &#x430;&#x43D;&#x433;&#x43B;&#x438;&#x439;&#x441;&#x43A;&#x43E;&#x433;&#x43E; &#x411;. &#x412;&#x438;&#x43D;&#x43D;&#x438;&#x446;&#x43A;&#x43E;&#x439; &#x438; &#x434;&#x440;.]</subfield>
  </datafield>
  <datafield tag="215" ind1=" " ind2=" ">
    <subfield code="a">333, [1] &#x441;.</subfield>
    <subfield code="c">&#x438;&#x43B;.</subfield>
  </datafield>
  <datafield tag="461" ind1=" " ind2="1">
    <subfield code="1">001RU\NLR\BIBL_A\011797710</subfield>
    <subfield code="1">2001#$a&#x421;&#x43E;&#x431;&#x440;&#x430;&#x43D;&#x438;&#x435; &#x441;&#x43E;&#x447;&#x438;&#x43D;&#x435;&#x43D;&#x438;&#x439;$e[&#x43F;&#x435;&#x440;&#x435;&#x432;&#x43E;&#x434; &#x441; &#x430;&#x43D;&#x433;&#x43B;&#x438;&#x439;&#x441;&#x43A;&#x43E;&#x433;&#x43E;]$e&#x432; &#x434;&#x432;&#x443;&#x445; &#x442;&#x43E;&#x43C;&#x430;&#x445;$f&#x42D;&#x434;&#x432;&#x430;&#x440;&#x434; &#x411;&#x435;&#x43B;&#x43B;&#x430;&#x43C;&#x438;$v&#x422;. 2</subfield>
    <subfield code="1">700#1$a&#x411;&#x435;&#x43B;&#x43B;&#x430;&#x43C;&#x438;$b&#x42D;.$f1850-1898$g&#x42D;&#x434;&#x443;&#x430;&#x440;&#x434;$3RU\NLR\AUTH\7765035</subfield>
    <subfield code="9">11855477</subfield>
    <subfield code="a">&#x411;&#x435;&#x43B;&#x43B;&#x430;&#x43C;&#x438;, &#x42D;. (1850-1898)</subfield>
    <subfield code="c">&#x41C;&#x43E;&#x441;&#x43A;&#x432;&#x430;</subfield>
    <subfield code="d">2018</subfield>
    <subfield code="f">&#x42D;&#x434;&#x432;&#x430;&#x440;&#x434; &#x411;&#x435;&#x43B;&#x43B;&#x430;&#x43C;&#x438;</subfield>
    <subfield code="n">&#x422;&#x435;&#x440;&#x440;&#x430;</subfield>
    <subfield code="o">[&#x43F;&#x435;&#x440;&#x435;&#x432;&#x43E;&#x434; &#x441; &#x430;&#x43D;&#x433;&#x43B;&#x438;&#x439;&#x441;&#x43A;&#x43E;&#x433;&#x43E;] : &#x432; &#x434;&#x432;&#x443;&#x445; &#x442;&#x43E;&#x43C;&#x430;&#x445;</subfield>
    <subfield code="t">&#x421;&#x43E;&#x431;&#x440;&#x430;&#x43D;&#x438;&#x435; &#x441;&#x43E;&#x447;&#x438;&#x43D;&#x435;&#x43D;&#x438;&#x439;</subfield>
    <subfield code="y">9785422414345</subfield>
    <subfield code="v">&#x422;. 2</subfield>
  </datafield>
  <datafield tag="942" ind1=" " ind2=" ">
    <subfield code="c">BOOK</subfield>
  </datafield>
  <datafield tag="980" ind1=" " ind2=" ">
    <subfield code="a">NB</subfield>
  </datafield>
  <datafield tag="995" ind1=" " ind2=" ">
    <subfield code="5">2018-09-25</subfield>
    <subfield code="a">ad</subfield>
    <subfield code="b">NLR01</subfield>
    <subfield code="c">NLR01</subfield>
    <subfield code="e">RF31</subfield>
    <subfield code="f">1-2461997</subfield>
    <subfield code="k">2018-5/6675</subfield>
    <subfield code="o">0</subfield>
    <subfield code="r">BOOK</subfield>
    <subfield code="s">201856675_</subfield>
  </datafield>
  <datafield tag="995" ind1=" " ind2=" ">
    <subfield code="5">2018-09-25</subfield>
    <subfield code="a">ad</subfield>
    <subfield code="b">NLR01</subfield>
    <subfield code="c">NLR01</subfield>
    <subfield code="e">RF31</subfield>
    <subfield code="f">1-2461998</subfield>
    <subfield code="k">2018-5/6675</subfield>
    <subfield code="o">0</subfield>
    <subfield code="r">BOOK</subfield>
    <subfield code="s">201856675_</subfield>
  </datafield>
</record>
